UNESCO Memory of the World (A-Z) Quiz Stats

Quiz Updated Jul 14, 2016

Challenge
Share
Tweet
Score 0/26 Timer 08:00
0 Plays Today
% Correct
Anne
99.1%
Estonia
84.9%
Gaulle
84.9%
United
83.2%
Bible
82.8%
World
82.8%
Neighbour
78.4%
Island
77.7%
Río
73.1%
Suffrage
71.1%
Hindu
70.2%
Folk
69.4%
Poland
67.2%
% Correct
Zhivago
63.4%
Qing
60.1%
Tapestry
59.1%
Coal
58.1%
Vienna
54.5%
Latin
53.1%
Motherland
47.9%
Oceanic
46.8%
Kelly
45.9%
John
44.7%
Youth
36.9%
XXIII
24.2%
Democratic
23.6%

You're not logged in!

Compare scores with friends on all Sporcle quizzes.
Join for Free
OR
Log In

You Might Also Like...

Show Comments

Extras

Top Quizzes Today


Score Distribution

Your Account Isn't Verified!

In order to create a playlist on Sporcle, you need to verify the email address you used during registration. Go to your Sporcle Settings to finish the process.

Report this User

Report this user for behavior that violates our Community Guidelines.

Details: